| 000 | 00413 a2200109 4500 | ||
|---|---|---|---|
| 001 | ART_21349 | ||
| 005 | 20260410161644.0 | ||
| 008 | 260409a | ||
| 245 | 1 | 0 | _aLa tutela a las haciendas públicas provinciales y de la ciudad autonoma de Buenos Aires en el actual regimen penal tributario |
| 100 | 1 | _aKarschenboim, Laura | |
| 773 | 0 |
_tConsultor tributario _g- Año 7, Nº 82 (dic. 2013) _wREV474 |
|
| 999 |
_c13604 _d13604 |
||